The giraffe who went to school / (Record no. 9993)

MARC details
000 -LEADER
fixed length control field 01406nam a22002897a 4500
001 - CONTROL NUMBER
control field 9993
003 - CONTROL NUMBER IDENTIFIER
control field FISKH
005 - DATE AND TIME OF LATEST TRANSACTION
control field 20260324153919.0
008 - FIXED-LENGTH DATA ELEMENTS--GENERAL INFORMATION
fixed length control field 260324b cb ||||| |||| 00| 0 eng d
020 ## - INTERNATIONAL STANDARD BOOK NUMBER
International Standard Book Number 078814000790
040 ## - CATALOGING SOURCE
Original cataloging agency FISKH
Language of cataloging eng
Transcribing agency FISKH
Modifying agency FISKH
050 ## - LIBRARY OF CONGRESS CALL NUMBER
Classification number PZ7 .W6458 .G5
082 ## - DEWEY DECIMAL CLASSIFICATION NUMBER
Classification number 813.54
100 ## - MAIN ENTRY--PERSONAL NAME
Personal name Wilde , Irma
245 ## - TITLE STATEMENT
Title The giraffe who went to school /
Statement of responsibility, etc. Story and pictures by Irma Wilde
260 ## - PUBLICATION, DISTRIBUTION, ETC.
Place of publication, distribution, etc. Los Angeles :
Name of publisher, distributor, etc. Wonder Books ,
Date of publication, distribution, etc. 1951 .
300 ## - PHYSICAL DESCRIPTION
Extent 23 unnumbered pages :
Other physical details color illustrations ;
Dimensions 21 cm .
505 ## - FORMATTED CONTENTS NOTE
Formatted contents note K <br/>
520 ## - SUMMARY, ETC.
Summary, etc. This charming children’s story is about a young giraffe who goes to school for the first time. Because of his very long neck and tall body, he finds it difficult to fit in with the other students. Simple things like sitting in the classroom, joining activities, or feeling comfortable become a challenge.<br/><br/>At first, the giraffe feels different and a bit left out. However, as the story continues, the teacher and classmates begin to understand him better and help him adjust. They find ways to include him, and the giraffe learns that being different is okay.<br/><br/>
521 8# - TARGET AUDIENCE NOTE
Target audience note 510 <br/>
Source Lexile estimate <br/>
521 8# - TARGET AUDIENCE NOTE
Target audience note K <br/>
Source Raz-Plus <br/>
650 ## - SUBJECT ADDED ENTRY--TOPICAL TERM
Topical term or geographic name entry element Giraffe
Form subdivision Children's fiction
650 ## - SUBJECT ADDED ENTRY--TOPICAL TERM
Topical term or geographic name entry element Back to school
Form subdivision Children's fiction
700 ## - ADDED ENTRY--PERSONAL NAME
Personal name Wilde , Irma
Relator term Illustrator
942 ## - ADDED ENTRY ELEMENTS (KOHA)
Source of classification or shelving scheme Dewey Decimal Classification
Koha item type Books
Suppress in OPAC No
Holdings
Withdrawn status Lost status Source of classification or shelving scheme Damaged status Not for loan Collection Home library Current library Shelving location Date acquired Total Checkouts Full call number Barcode Date last seen Price effective from Koha item type
    Dewey Decimal Classification     Juvenile Fiction Footprints International School Library Network Toul Tom Poung Campus Footprints International School Library Network Toul Tom Poung Campus TTP Primary Yellow Bookshelves 03/24/2026   WIL PZ7 .W6458 .G5 813.54 FISBK04214 03/24/2026 03/24/2026 Books